000 00322nam a2200133Ia 4500
008 150731s2006 xx 000 0 und d
082 _a611
_bM 06 B
100 _aBHADHI KAR, D.
245 _aM C Q S IN ANATOMY
250 _a1 ST
260 _bTHE NATIONAL BOOK DEPT. MUMBAI
_c2006
300 _a300
942 _2ddc
_cBK
_016
999 _c7963
_d7963